000 00678nam a2200193 a 4500
001 000010314
005 20250204073951.0
008 091006s1989 dr 001 0 spa d
040 _aDO-SdBNP
_bspa
_cBNPHU
082 _aRD861.44
_bH557r
100 1 _aHernando Martínez, Julián Francisco,
_d1968-
_925330
245 1 0 _aRosario de rimas /
_cJulian Francisco Hernando Martínez ; prólogo Mariano Lebrón Saviñón.
260 _aSanto Domingo :
_bBúho,
_c1989.
650 0 _aPoesía dominicana
_966
650 0 _aLiteratura dominicana.
_967
700 1 _aLebrón Saviñon, Mariano
_d1922-2014
_epról.
_97227
910 _aValidado. Control de calidad de BNPHU
049 _aBNPD
999 _c10073
_d10073